Essentials of european literature: a guide to great books
Salvato in:
| Autori principali: | , |
|---|---|
| Natura: | Libro |
| Lingua: | inglese |
| Pubblicazione: |
Nueva York
Barron's Educational
1952
|
| Serie: | European Literature
|
| Soggetti: | |
| Tags: |
Aggiungi Tag
Nessun Tag, puoi essere il primo ad aggiungerne!!
|
MARC
| LEADER | 00000nam a2200000 a 4500 | ||
|---|---|---|---|
| 001 | UCX5735 | ||
| 003 | CL-VaPUC | ||
| 008 | 930113e19520000US |||||||||||||||||eng|d | ||
| 082 | 0 | 4 | |a 808.8 |b HOP |2 21 |
| 100 | 0 | |a Hopper, Vincent F |e author |9 322101 | |
| 700 | |a Grebanier, Bernard |e author |9 417953 | ||
| 245 | 1 | 0 | |a Essentials of european literature: a guide to great books |
| 300 | |a 2 v | ||
| 942 | |c BK | ||
| 945 | |d 19930113 00:00:00 | ||
| 260 | |a Nueva York |b Barron's Educational |c 1952 | ||
| 650 | 0 | |a Literatura europea |x Historia y crítica |9 322103 | |
| 583 | |a last modification |c 19930113 00:00:00 |k Rodrigo Vera | ||
| 490 | 0 | |a European Literature | |
| 999 | |c 225928 |d 225926 | ||
| 952 | |0 0 |1 0 |4 0 |6 808_800000000000000_HOP_1952 |7 0 |8 A |9 223893 |a BIBEDU |b BIBEDU |d 2019-11-15 |h v.1 |i 2926865 |o 808.8 HOP 1952 |p 2926865 |r 2019-11-15 |w 2019-11-15 |y BK |k LIT | ||
| 952 | |0 0 |1 0 |4 0 |6 808_800000000000000_HOP_1952 |7 0 |8 A |9 223894 |a BIBEDU |b BIBEDU |d 2019-11-15 |h v.2 |i 2926873 |o 808.8 HOP 1952 |p 2926873 |r 2019-11-15 |w 2019-11-15 |y BK |k LIT | ||